| 000 | 00657nam a2200205 u 4500 | ||
|---|---|---|---|
| 005 | 20220622063601.0 | ||
| 008 | 100610s2006 r 000 0 eng d | ||
| 020 | _a9789562941457 | ||
| 035 | _aUPN01000176449 | ||
| 049 | _aI | ||
| 050 | 4 |
_aPZ76.3 _bM6.74 |
|
| 100 | 1 |
_aMontalván Arteta, Sara, _d1955- |
|
| 245 | 1 | 0 |
_aSiete cuentos para la semana / _cSara Montalván Arteta ; il. Antonio Ahumada. |
| 260 |
_aSantiago de Chile : _bMare Nostrum, _c2006. |
||
| 300 |
_a107 p. : _bil. col. |
||
| 440 | 3 |
_aLa buena letra. _pLiteratura actual |
|
| 650 | 0 |
_aAnimales _vCuentos y leyendas _9234 |
|
| 650 | 4 |
_aLITERATURA INFANTIL PERUANA _911946 |
|
| 905 | _aLibro | ||
| 999 |
_c148552 _d148552 |
||